000 00395pab a2200157 454500
008 180718b2007 xxu||||| |||| 00| 0 eng d
100 _aChanda, Dilip Kumar
245 _aImplementation of value added tax in India - a blessing or a blemish
260 _c2007
300 _ap.42-50.
362 _aJul-Sep
650 _aTaxation
773 _aIASSI Quarterly
908 _aN
909 _a81235
999 _c81235
_d81235